000
00197 a2200097 4500
001
7762
100
_a
Weber, H
245
_a
Mathematics
260
_a
_b
Dover Publications
_c
090
_c
6218
_d
6218
942
_a
NUST-CAE
_c
M
_c
32732
999
_c
242835
_d
242835